Một vài vấn đề về văn học dân gian
Giới thiệu khái quát về văn học dân gian Việt Nam, tìm hiểu khả năng tích hợp các yếu tố Folklore và mối quan hệ giữa Thiền uyển tập anh với thư tịch cổ và truyện cổ tích; thi pháp tục ngữ và vai trò của văn học dân gian trong văn xuôi hiện đại Việt Nam...
Saved in:
| Other Authors: | , , , |
|---|---|
| Format: | Book |
| Language: | Vietnamese |
| Published: |
H.
Văn hoá dân tộc
2012
|
| Subjects: | |
| Tags: |
Add Tag
No Tags, Be the first to tag this record!
|
| Institutions: | Mạng thư viện Đại học Đà Nẵng |
|---|
| LEADER | 01831aam a22003978a 4500 | ||
|---|---|---|---|
| 001 | 000018023 | ||
| 003 | 14450 | ||
| 005 | 20130821160811.0 | ||
| 008 | 130821s2012 viesd | ||
| 020 | |d 2000b | ||
| 041 | 0 | |a vie | |
| 082 | 1 | 4 | |2 14 |a 398.209597 |b Vân |
| 245 | 0 | 0 | |a Một vài vấn đề về văn học dân gian |c S.t., giới thiệu: Hoàng Tiến Tựu, Nguyễn Hữu Sơn, Phan Thị Đào, Võ Quang Trọng |
| 260 | |a H. |b Văn hoá dân tộc |c 2012 | ||
| 300 | |a 783 tr. |c 21 cm. | ||
| 500 | |a ĐTTS ghi: Hội Văn nghệ dân gian Việt Nam | ||
| 504 | |a Thư mục cuối mỗi phần | ||
| 520 | |a Giới thiệu khái quát về văn học dân gian Việt Nam, tìm hiểu khả năng tích hợp các yếu tố Folklore và mối quan hệ giữa Thiền uyển tập anh với thư tịch cổ và truyện cổ tích; thi pháp tục ngữ và vai trò của văn học dân gian trong văn xuôi hiện đại Việt Nam | ||
| 650 | 7 | |2 Bộ TK TVQG |a Văn học dân gian |x Nghiên cứu |z Việt Nam | |
| 650 | 7 | |2 Bộ TK TVQG | |
| 651 | 7 | |2 Bộ TK TVQG |a Việt Nam | |
| 653 | |a Văn học dân gian | ||
| 700 | 1 | |a Hoàng Tiến Tựu |e s.t., giới thiệu | |
| 700 | 1 | |a Nguyễn Hữu Sơn |e s.t., giới thiệu | |
| 700 | 1 | |a Phan Thị Đào |e s.t., giới thiệu | |
| 700 | 1 | |a Võ Quang Trọng |e s.t., giới thiệu | |
| OWN | |a LSP | ||
| AVA | |a UDN50 |b LSP |d 398.209597 Vân |e available |t Error 5001 Not defined in file expand_doc_bib_avail. |f 1 |g 0 |h N |i 0 |k 1 | ||
| 999 | |a From the UDN01 | ||
| AVA | |a UDN50 |b LSP |d 398.209597 Vân |e available |t Error 5001 Not defined in file expand_doc_bib_avail. |f 1 |g 0 |h N |i 0 |k 1 | ||
| TYP | |a Monograph | ||
| TYP | |a Printed language | ||
| 980 | |a Mạng thư viện Đại học Đà Nẵng | ||